|
|
|
|
| LEADER |
00847nam a2200169Ia 4500 |
| 008 |
150624b xxu||||| |||| 00| 0 eng d |
| 999 |
|
|
|c 56170
|d 56170
|
| 082 |
|
|
|a 371.12076
|
| 245 |
|
|
|a SET(State Eligibility Test) rank file /
|c Edited by Rajeev C R
|
| 260 |
|
|
|a Trivandrum,
|b Brilliance College,
|
| 300 |
|
|
|a 608 p.
|
| 505 |
|
|
|a 1. Success plan 2. Solved previous questions 3. Biology 4. Chemistry 5. Physics 6. Computer 7. Understanding India 8. Indian states 9. Indian constitution 10. Basic GK 11. Maths 12. Astronomy 13. Geography 14. Indian history 15. World history 16. Internat
|
| 650 |
|
|
|a Teachers
|v Eligibility test
|x Study guide
|
| 650 |
|
|
|a Education-Study and teaching
|
| 700 |
|
|
|a Rajeev, C. R.
|e Editor.
|
| 942 |
|
|
|c REF
|
| 952 |
|
|
|0 0
|1 0
|4 0
|6 371_120760000000000_SET_C
|7 0
|9 56148
|a UL
|b UL
|c REF
|d 2012-10-27
|l 0
|o 371.12076 SET C
|p 80924
|r 2012-10-27
|y REF
|